Miedzynarodowy system walutowy

Salvato in:
Dettagli Bibliografici
Autore principale: Lutkowski, Karol
Natura: Libro
Lingua:polacco
Pubblicazione: Warszawa Poltext 1998
Edizione:2. wyd.
Serie:Szkola Glówna Handlowa Studia Finansowo-Bankowe
Soggetti:
Tags: Aggiungi Tag
Nessun Tag, puoi essere il primo ad aggiungerne!!

MARC

LEADER 00000nam a2200000 4500
001 c123786
005 20221221082950.0
020 |a 83-85366-96-2 
041 0 |a pol 
044 |a PL 
245 1 0 |a Miedzynarodowy system walutowy  |c Karol Lutkowski 
250 |a 2. wyd. 
264 1 |a Warszawa  |b Poltext  |c 1998 
300 |a 199 s. 
490 1 |a Szkola Glówna Handlowa  |v Studia Finansowo-Bankowe 
830 0 |a Szkola Glówna Handlowa  |v Studia Finansowo-Bankowe 
610 2 0 |a valuty 
610 2 0 |a devízy 
610 2 0 |a trh peňažný 
610 2 0 |a banky 
610 2 0 |a kurz valutový 
610 2 0 |a makroekonomika 
610 2 0 |a politika medzinárodná 
610 2 0 |a dolár 
610 2 0 |a peniaze 
100 1 |a Lutkowski, Karol